Т. 1 : А - И; Периодическая печать России ( журналы и продолжающиеся издания ). Естественные науки. Техника. Промышленность. Транспорт. Городское хозяйство. Кустарные промыслы. 1703 - 1917

Bibliographische Detailangaben
Parent link:Периодическая печать России ( журналы и продолжающиеся издания ). Естественные науки. Техника. Промышленность. Транспорт. Городское хозяйство. Кустарные промыслы. 1703 - 1917: каталог - справочник/ А. С. Шмелева, О. Н. Геккер, И. И. Иткина; Государственная Публичная научно-техническая библиотека СССР; под ред. А. С. Шмелевой. Т. 1 : А - И.— , 1974 - .
Sprache:Russisch
Veröffentlicht: 1974
Schlagworte:
Format: MixedMaterials Buch
KOHA link:https://koha.lib.tpu.ru/cgi-bin/koha/opac-detail.pl?biblionumber=111042

MARC

LEADER 00000nam2a2200000 4500
001 111042
005 20231031120643.0
035 |a (RuTPU)RU\TPU\book\119912 
090 |a 111042 
100 |a 20070306d1974 km y0rusy50 ca 
101 0 |a rus 
200 0 |a Т. 1 : А - И 
210 |d 1974 
215 |a 638 с. 
320 |a Указ. в конце кн.: с. 613 - 638 
461 1 |0 (RuTPU)RU\TPU\book\119910  |t Периодическая печать России ( журналы и продолжающиеся издания ). Естественные науки. Техника. Промышленность. Транспорт. Городское хозяйство. Кустарные промыслы. 1703 - 1917  |o каталог - справочник   |o в 4 т.  |f А. С. Шмелева, О. Н. Геккер, И. И. Иткина  |g Государственная Публичная научно-техническая библиотека СССР; под ред. А. С. Шмелевой  |v Т. 1 : А - И  |d 1974 - . 
610 1 |a каталоги 
610 1 |a справочники 
610 1 |a библиографические пособия 
610 1 |a периодическая печать 
610 1 |a Россия 
610 1 |a 18 век 
610 1 |a естественные науки 
610 1 |a 19 век 
610 1 |a техника 
610 1 |a транспорт 
610 1 |a городское хозяйство 
801 1 |a RU  |b 63413507  |c 20070306  |g PSBO 
801 2 |a RU  |b 63413507  |c 20101119  |g PSBO 
942 |c BK